Economics, Ethics, and Public Policy (Record no. 1919)

MARC details
000 -LEADER
fixed length control field 00821cam a2200265 a 4500
001 - CONTROL NUMBER
control field 4963368
003 - CONTROL NUMBER IDENTIFIER
control field OSt
005 - DATE AND TIME OF LATEST TRANSACTION
control field 20180426190635.0
008 - FIXED-LENGTH DATA ELEMENTS--GENERAL INFORMATION
fixed length control field 970730s1998 mdua b 001 0 eng
010 ## - LIBRARY OF CONGRESS CONTROL NUMBER
LC control number 97030482
020 ## - INTERNATIONAL STANDARD BOOK NUMBER
International Standard Book Number 0847687899 (cloth : alk. paper)
020 ## - INTERNATIONAL STANDARD BOOK NUMBER
International Standard Book Number 0847687902 (pbk. : alk. paper)
040 ## - CATALOGING SOURCE
Original cataloging agency DLC
Transcribing agency DLC
Modifying agency DLC
050 00 - LIBRARY OF CONGRESS CALL NUMBER
Classification number HB72
Item number .E273 1998
082 00 - DEWEY DECIMAL CLASSIFICATION NUMBER
Classification number 338.9 ECO 1998
Edition number 21
100 ## - MAIN ENTRY--PERSONAL NAME
Personal name Edited by Charles K. Wilber.
9 (RLIN) 12633
245 00 - TITLE STATEMENT
Title Economics, Ethics, and Public Policy
260 ## - PUBLICATION, DISTRIBUTION, ETC. (IMPRINT)
Place of publication, distribution, etc. Lanham;
Name of publisher, distributor, etc. Rowman & Littlefield,
Date of publication, distribution, etc. c1998.
300 ## - PHYSICAL DESCRIPTION
Extent 416 p. :
Other physical details ill. ;
Dimensions 24 cm.
504 ## - BIBLIOGRAPHY, ETC. NOTE
Bibliography, etc Includes bibliographical references and index.
650 #0 - SUBJECT ADDED ENTRY--TOPICAL TERM
Topical term or geographic name as entry element Economic ethics
9 (RLIN) 5026
650 #0 - SUBJECT ADDED ENTRY--TOPICAL TERM
Topical term or geographic name as entry element Economic development
9 (RLIN) 5028
906 ## - LOCAL DATA ELEMENT F, LDF (RLIN)
a 7
b cbc
c orignew
d 1
e ocip
f 19
g y-gencatlg
942 ## - ADDED ENTRY ELEMENTS (KOHA)
Source of classification or shelving scheme Other/Generic Classification Scheme
Koha item type Short Loan
Holdings
Withdrawn status Lost status Source of classification or shelving scheme Damaged status Not for loan Home library Current library Date acquired Source of acquisition Inventory number Total Checkouts Full call number Barcode Date last seen Koha item type
    Dewey Decimal Classification     MUST Main Library MUST Main Library 28/05/2015 Purchase 04/21770   338.9 ECO 1998 2015-1656 28/05/2015 Short Loan